000 00635nam a22002057a 4500
005 20250328105012.0
010 _aENG-144320
020 _a978195527397
_c750.00
035 _aEN-127852
037 _bDBAD
082 _a301.153
_21
100 _aShridharani, Krishnalal
_979990
245 _aThe Mahatma and The World/
_cKrishnalal Shridharani
250 _a1
260 _aBhubaneswar
_bSaraswati Prakash
_c2022
270 _bBhubaneswar
_e752101
_k9556966622
_msaraswatiprakashan7@gmail.com
300 _a200p.
_c22cm(Hb)
700 _aKrishnalal Shridharani
_eAuthor
_979478
942 _2ddc
_cEN
_mSHR
_h301.153
999 _c210559
_d210559